Estadísticas para Los 20 imperios (y países) más grandes de la historia

Haz click aquí para intentar la prueba.

Estadísticas generales

  • Esta prueba ha sido intentada 1.439 veces
    (1.376 desde el último reinicio)
  • La puntuación promedio es 14 de 20

Estadísticas de respuestas

Máxima extensión (km² )AñoRespuesta% Correcto
4,872,000117Imperio Romano
93%
22,800,0001866Imperio Ruso
93%
15,850,0001790Imperio Español
92%
36,400,0001922Imperio Británico
87%
12,347,0001938Imperio colonial Francès
87%
14,700,0001759Imperio Chino
86%
9,948,9081906Estados Unidos
82%
33,200,0001268Imperio Mongol
79%
7,400,0001942Imperio Japonés
78%
5,500,0001689Imperio Otomano
72%
8,515,767ActualidadBrasil
66%
9,984,670ActualidadCanadá
65%
5,000,000265 ACImperio Maruya (India)
62%
5,200,000323 ACMacedonia
62%
7,692,024ActualidadAustralia
57%
10,400,0001815Imperio Portugués
56%
5,000,0001822Primer Imperio Mexicano
51%
13,400,000723Califato Omeya (Árabe)
47%
7,400,000550Imperio Persa
41%
4,000,000800Imperio Tibetano
9%

Distribución de puntuación

Porcentaje por número respondido

Porcentaje de gente con cada puntuación

Historial de tus puntuaciones

No has intentado esta prueba desde el último reinicio